[Event "Guernsey International Chess Festival 2017"]
[Site "?"]
[Date "2017.10.21"]
[Round "7.5"]
[White "Jackson, Oliver A"]
[Black "Sedgwick, David"]
[Result "1-0"]
[BlackElo "1972"]
[WhiteElo "2168"]
[LiveChessVersion "1.4.8"]

1. e4 {[%clk 1:38:20]} e6 {[%clk 1:40:35]} 2. d4 {[%clk 1:38:35]} d5
{[%clk 1:41:04]} 3. Nc3 {[%clk 1:38:59]} Nf6 {[%clk 1:41:29]} 4. e5
{[%clk 1:39:25]} Nfd7 {[%clk 1:41:54]} 5. f4 {[%clk 1:39:50]} c5 {[%clk 1:42:18]}
6. Nf3 {[%clk 1:40:15]} Nc6 {[%clk 1:42:35]} 7. Bd3 {[%clk 1:40:39]} cxd4
{[%clk 1:42:45]} 8. Ne2 {[%clk 1:41:01]} Qb6 {[%clk 1:42:36]} 9. O-O
{[%clk 1:41:10]} Bc5 {[%clk 1:42:26]} 10. a3 {[%clk 1:40:51]} a5 {[%clk 1:41:41]}
11. Kh1 {[%clk 1:40:54]} f6 {[%clk 1:40:13]} 12. Qe1 {[%clk 1:28:08]} fxe5
{[%clk 1:28:04]} 13. fxe5 {[%clk 1:28:10]} Nf8 {[%clk 1:27:23]} 14. Qg3
{[%clk 1:26:00]} g6 {[%clk 1:24:18]} 15. Bh6 {[%clk 1:18:17]} Ne7
{[%clk 1:18:50]} 16. Ng5 {[%clk 1:13:11]} Nf5 {[%clk 1:18:23]} 17. Bxf5
{[%clk 1:13:27]} exf5 {[%clk 1:18:40]} 18. Nf4 {[%clk 1:12:28]} Qc6
{[%clk 1:14:16]} 19. e6 {[%clk 1:11:16]} Be7 {[%clk 1:09:38]} 20. Rae1
{[%clk 0:57:35]} Bxe6 {[%clk 1:00:23]} 21. Nfxe6 {[%clk 0:54:44]} Kd7
{[%clk 0:58:46]} 22. Nxd4 {[%clk 0:50:31]} Qb6 {[%clk 0:57:08]} 23. Rxe7+
{[%clk 0:49:40]} Kxe7 {[%clk 0:57:16]} 24. Qe5+ {[%clk 0:50:01]} Ne6
{[%clk 0:56:09]} 25. Ngxe6 {[%clk 0:49:38]} Qd8 1-0

[Event "Guernsey International Chess Festival 2017"]
[Site "?"]
[Date "2017.10.21"]
[Round "7.6"]
[White "Munshi, Aditya"]
[Black "Whatley, Stephen A J"]
[Result "0-1"]
[BlackElo "2159"]
[WhiteElo "1986"]
[LiveChessVersion "1.4.8"]

1. e4 {[%clk 1:40:58]} c5 {[%clk 1:34:29]} 2. Nf3 {[%clk 1:41:10]} Nc6
{[%clk 1:33:39]} 3. Bb5 {[%clk 1:41:21]} e6 {[%clk 1:34:01]} 4. Bxc6
{[%clk 1:41:31]} bxc6 {[%clk 1:30:22]} 5. b3 {[%clk 1:41:42]} d6 {[%clk 1:29:56]}
6. e5 {[%clk 1:41:50]} dxe5 {[%clk 1:30:06]} 7. Nxe5 {[%clk 1:42:11]} Qg5
{[%clk 1:30:09]} 8. Ng4 {[%clk 1:41:53]} f5 {[%clk 1:29:16]} 9. Qf3
{[%clk 1:42:11]} fxg4 {[%clk 1:29:03]} 10. Qxc6+ {[%clk 1:42:08]} Kf7
{[%clk 1:28:04]} 11. Qxa8 {[%clk 1:40:20]} Qe5+ {[%clk 1:28:23]} 12. Kd1
{[%clk 1:40:37]} Qc7 {[%clk 1:28:10]} 13. Qe4 {[%clk 1:37:57]} Nf6
{[%clk 1:25:36]} 14. Qe2 {[%clk 1:04:08]} Bb7 {[%clk 1:19:41]} 15. f3
{[%clk 0:52:50]} gxf3 {[%clk 1:18:22]} 16. gxf3 {[%clk 0:51:42]} Qf4
{[%clk 1:16:50]} 17. d3 {[%clk 0:40:42]} Qxf3 {[%clk 1:06:29]} 18. Rf1
{[%clk 0:39:59]} Qxe2+ {[%clk 1:01:31]} 19. Kxe2 {[%clk 0:40:28]} Bd6
{[%clk 0:58:46]} 20. Nd2 {[%clk 0:32:37]} Bxh2 {[%clk 0:57:36]} 21. Nc4
{[%clk 0:26:25]} h5 {[%clk 0:37:12]} 22. Bf4 {[%clk 0:21:09]} Bxf4
{[%clk 0:36:45]} 23. Rxf4 {[%clk 0:21:38]} g5 {[%clk 0:34:17]} 24. Ne5+
{[%clk 0:15:04]} Kg7 {[%clk 0:34:38]} 25. Rg1 {[%clk 0:10:30]} g4
{[%clk 0:35:01]} 26. Ra4 {[%clk 0:09:34]} a6 {[%clk 0:34:30]} 27. Rc4
{[%clk 0:09:15]} Rc8 {[%clk 0:30:46]} 28. Kd1 {[%clk 0:04:29]} Nd5
{[%clk 0:28:58]} 29. Kc1 {[%clk 0:02:05]} Ne3 {[%clk 0:27:13]} 30. Rf4
{[%clk 0:00:46]} 0-1

[Event "Guernsey International Chess Festival 2017"]
[Site "?"]
[Date "2017.10.21"]
[Round "7.8"]
[White "Kraft, Karl-Heinz"]
[Black "Timmermans, Ivo"]
[Result "0-1"]
[BlackElo "2126"]
[WhiteElo "2036"]
[LiveChessVersion "1.4.8"]

1. e4 {[%clk 1:40:57]} e5 {[%clk 1:40:44]} 2. Nc3 {[%clk 1:41:17]} Nf6
{[%clk 1:41:00]} 3. Nf3 {[%clk 1:41:32]} Nc6 {[%clk 1:41:18]} 4. d4
{[%clk 1:41:56]} exd4 {[%clk 1:41:37]} 5. Nd5 {[%clk 1:42:22]} Nxe4
{[%clk 1:41:23]} 6. Bc4 {[%clk 1:42:41]} Be7 {[%clk 1:36:33]} 7. O-O
{[%clk 1:42:23]} O-O {[%clk 1:35:54]} 8. Nxd4 {[%clk 1:42:27]} Nf6
{[%clk 1:31:33]} 9. Nxc6 {[%clk 1:37:26]} dxc6 {[%clk 1:25:31]} 10. Nxe7+
{[%clk 1:37:02]} Qxe7 {[%clk 1:25:53]} 11. Re1 {[%clk 1:29:07]} Qc5
{[%clk 1:16:30]} 12. Qd3 {[%clk 1:14:10]} Bf5 {[%clk 1:13:38]} 13. Qc3
{[%clk 1:10:04]} Qd6 {[%clk 1:02:30]} 14. Be3 {[%clk 0:57:46]} Ng4
{[%clk 0:59:04]} 15. g3 {[%clk 0:57:07]} Nxe3 {[%clk 0:58:33]} 16. Rxe3
{[%clk 0:56:05]} Qd7 {[%clk 0:35:01]} 17. Bd3 {[%clk 0:31:33]} Rfe8
{[%clk 0:31:02]} 18. Rae1 {[%clk 0:31:08]} Rxe3 {[%clk 0:31:17]} 19. Rxe3
{[%clk 0:31:26]} Be6 {[%clk 0:27:04]} 20. Qb4 {[%clk 0:28:43]} b6
{[%clk 0:24:41]} 21. Qh4 {[%clk 0:22:52]} g6 {[%clk 0:22:38]} 22. Qf6
{[%clk 0:21:45]} c5 {[%clk 0:15:30]} 23. h4 {[%clk 0:19:36]} Qd4 {[%clk 0:12:00]}
24. Qg5 {[%clk 0:11:56]} c4 {[%clk 0:10:18]} 25. Be4 {[%clk 0:10:39]} Re8
{[%clk 0:09:39]} 26. c3 {[%clk 0:07:18]} Qd8 {[%clk 0:08:44]} 27. Qh6
{[%clk 0:06:11]} Qd1+ {[%clk 0:06:19]} 28. Kh2 {[%clk 0:02:47]} Rd8
{[%clk 0:04:35]} 29. Bxg6 {[%clk 0:01:29]} hxg6 {[%clk 0:02:38]} 30. Rxe6
{[%clk 0:01:54]} Qf3 {[%clk 0:02:12]} 31. Qe3 {[%clk 0:00:44]} Qxe3
{[%clk 0:02:31]} 32. Rxe3 {[%clk 0:01:11]} Rd2 {[%clk 0:02:47]} 33. Kg2
{[%clk 0:01:14]} Rxb2 {[%clk 0:02:49]} 34. Re7 {[%clk 0:01:17]} Rxa2
{[%clk 0:02:35]} 35. Rxc7 {[%clk 0:01:44]} b5 {[%clk 0:02:49]} 36. Rb7
{[%clk 0:00:47]} a6 {[%clk 0:02:58]} 37. Ra7 {[%clk 0:00:56]} Ra3
{[%clk 0:02:32]} 38. Kf1 {[%clk 0:01:00]} Rxc3 {[%clk 0:01:35]} 39. Rxa6
{[%clk 0:01:26]} b4 {[%clk 0:01:51]} 40. Rb6 {[%clk 0:01:12]} b3 {[%clk 0:01:56]}
41. Ke2 {[%clk 0:39:19]} Rc2+ {[%clk 0:41:07]} 42. Ke3 {[%clk 0:38:54]} b2
{[%clk 0:40:09]} 43. Kd4 0-1